God, man and religion / (Record no. 124676)
[ view plain ]
| 000 -LEADER | |
|---|---|
| fixed length control field | 00738nam a22002417a 4500 |
| 003 - CONTROL NUMBER IDENTIFIER | |
| control field | dpl |
| 005 - DATE AND TIME OF LATEST TRANSACTION | |
| control field | 20180809153130.0 |
| 008 - FIXED-LENGTH DATA ELEMENTS--GENERAL INFORMATION | |
| fixed length control field | 180809b xxu||||| |||| 00| 0 eng d |
| 010 ## - LIBRARY OF CONGRESS CONTROL NUMBER | |
| LC control number | A-779695 |
| 020 ## - INTERNATIONAL STANDARD BOOK NUMBER | |
| Terms of availability | 00.00 |
| International Standard Book Number | 8172244142 |
| 035 ## - SYSTEM CONTROL NUMBER | |
| System control number | A-779695, A-779699 |
| 037 ## - SOURCE OF ACQUISITION | |
| Source of stock number/acquisition | Cen Lib/Ret |
| 040 ## - CATALOGING SOURCE | |
| Original cataloging agency | DPL |
| Language of cataloging | EN |
| Transcribing agency | 0 |
| 082 ## - DEWEY DECIMAL CLASSIFICATION NUMBER | |
| Classification number | 230.31 |
| Item number | JHI |
| 100 ## - MAIN ENTRY--PERSONAL NAME | |
| Personal name | Jhirad, Jacob Aaron |
| 9 (RLIN) | 11560 |
| 245 ## - TITLE STATEMENT | |
| Title | God, man and religion / |
| Statement of responsibility, etc | by Jacob Aaron Jhirad |
| 260 ## - PUBLICATION, DISTRIBUTION, ETC. (IMPRINT) | |
| Place of publication, distribution, etc | Bombay |
| Name of publisher, distributor, etc | Jacob Publishing House |
| Date of publication, distribution, etc | 1995 |
| 270 ## - ADDRESS | |
| City | Bombay |
| Postal code | 400023 |
| Address | 121, Manhatama Gandhi Road |
| 300 ## - PHYSICAL DESCRIPTION | |
| Extent | xi,127p. |
| Dimensions | 20cm(Hb) |
| 650 ## - SUBJECT ADDED ENTRY--TOPICAL TERM | |
| Topical term or geographic name as entry element | Religion -- Philosophy |
| 9 (RLIN) | 72280 |
| 650 ## - SUBJECT ADDED ENTRY--TOPICAL TERM | |
| Topical term or geographic name as entry element | Experience (Religion) |
| 9 (RLIN) | 72281 |
| 942 ## - ADDED ENTRY ELEMENTS (KOHA) | |
| Source of classification or shelving scheme | Dewey Decimal Classification |
| Koha item type | English Books |
| Classification part | 230.31 |
| Call number suffix | JHI |
| Withdrawn status | Lost status | Damaged status | Not for loan | Home library | Current library | Date acquired | Source of acquisition | Cost, normal purchase price | Total Checkouts | Full call number | Barcode | Date last seen | Copy number | Cost, replacement price | Price effective from | Koha item type | Source of classification or shelving scheme | Collection code |
|---|---|---|---|---|---|---|---|---|---|---|---|---|---|---|---|---|---|---|
| Central Library | Central Library | 17/06/2015 | Cen Lib/Ret | 0.00 | 230.31 JHI | A-779695 | 17/06/2015 | 1 | 0.00 | 17/06/2015 | English Books | |||||||
| Shahdara Branch | Shahdara Branch | 09/08/2018 | BPPD/PUB | 0.00 | 230.31 JHI | A-779699 | 09/08/2018 | 0.00 | 09/08/2018 | English Books | Dewey Decimal Classification | Non-fiction |
